Matematičeskoje modelirovanije

Gespeichert in:
Bibliographische Detailangaben
Format: Buch
Veröffentlicht: Moskva : Nauka, 1989
Tags: Tag hinzufügen
Keine Tags, Fügen Sie das erste Tag hinzu!

MARC

LEADER 00000nam a22000003a 4500
001 stu48469
005 20141122033917.5
008 ------s1989----xxr---------------------d
040 |a STU  |b slo 
041 0
044 |a xxr 
080 |a 519.711.3 
245 |a Matematičeskoje modelirovanije 
260 |a Moskva :  |b Nauka,  |c 1989 
300 |a 308 s 
996 |b J83140  |c J*83140/K 1  |l JJK1  |s P  |a 0  |w stu48469_0001